000 00600nam a22001937a 4500
003 1
005 20220708143034.0
008 220708b xxu||||| |||| 00| 0 eng d
022 _2978-19305566-47-8
050 _aLB2831.9
_b.W45 2003
100 _aWhitaker,Todd
_d1959-
245 _aWhat great principals do differently:
_bfifteen things that matter most/
_cTodd Whitaker.
260 _aNew York:
_bEye on Education.
_cc2003.
300 _a117 pp.
_c23 cm.
500 _aSchool principals.
500 _aSchool management and organization.
500 _aEducational leadership.
942 _2lcc
_cBK
999 _c364735
_d364735